Responses for Show #7558 - Wednesday, June 21, 2017

Contestants

[<< previous game]

Lisa Evans, an office manager from Easthampton, Massachusetts

Matt Sokol, a gas turbine repair operations manager from The Woodlands, Texas

Peter Guekguezian, a Ph.D. student in linguistics from Fresno, California (whose 3-day cash winnings total $44,800)

[next game >>]

Jeopardy! Round responses

WE'VE GOT MOMMY ISSUES
LITERARY HODGEPODGE
CELEBRATIONS OF THE MONTH
LINCOLN QUOTES
DOUBLE LETTER FUN
PUB TRIVIA
    $200 1
Christie Brinkley

Lisa
    $200 16
an acrostic

Peter
    $200 11
February

Matt
    $200 23
Gettysburg

Lisa
    $200 18
a comma

Matt
    $200 6
darts

Peter
    $400 2
Debbie Reynolds

Peter
    $400 17
Gone With the Wind

Matt
    $400 12
June

Lisa
    $400 27
the Mississippi

Lisa
    $400 19
a mitt

Triple Stumper
    $400 7
fingers

Matt
    $600 3
postpartum depression

Matt
    $600 24
Tom Jones

Triple Stumper
    $600 13
December

Peter
    $600 28
Grant

Lisa
    $600 20
a spoon

Peter
    $600 8
a speakeasy

Peter
    $800 4
Desperate Housewives

Peter
    $800 25
Babbitt

Lisa
    $4,600 14
May

Peter
    $800 29
horses

Lisa
    $800 21
(Peter: What are the Tropics of Cancer and Capricorn?)
(Lisa: What are June and Ju--July--no.)

summer and fall

PeterLisa
Triple Stumper
    $800 9
alcohol by volume

Matt
    $1000 5
(Lisa: Who is Campbell Brown?)

Savannah Guthrie

PeterLisa
    $1000 26
(Alex: And we have half a minute about to go.)

Lillian Hellman

Lisa
    $1000 15
November

Lisa
    $1000 30
the Black Hawk War

Lisa
    $1000 22
riffling

Matt
    $1000 10
muddling

Peter

Scores at the first commercial break (after clue 15):

Peter Matt Lisa
$9,200 $2,000 $600

Scores at the end of the Jeopardy! Round:

Peter Matt Lisa
$9,200 $3,600 $4,600

Double Jeopardy! Round responses

AROUND THE ADRIATIC
NOT IN THE ROCK & ROLL HALL OF FAME
HISTORICAL FICTION
ANTHROPOLOGY
A CATEGORY OF FEW WORDS
STATE TREE-VIA
    $400 5
the Balkan

Lisa
    $400 20
Janet Jackson

Peter
    $400 4
the guillotine

Peter
    $400 10
the Inuit

Peter
    $400 19
Casanova

Lisa
    $400 1
pine

Matt
    $1,000 6
(Lisa: What is Trieste?)

Venice

Lisa
    $800 23
(Alex: Less than a minute now.)

The Smiths

Peter
    $800 15
Hong Kong

Peter
    $800 11
woodpeckers

Lisa
    $800 27
cumulative

Lisa
    $800 2
holly

Peter
    $1200 7
(Matt: What is Bosnia and Sarajevo?)

Bosnia and Herzegovina

PeterMatt
    $1200 24
Willie Nelson

Lisa
    $1200 16
Florence

Lisa
    $1200 12
telenovelas

Lisa
    $1200 28
[The end-of-round signal sounds.]

a pier

Peter
    $1200 3
palmetto

Lisa
    $1600 8
Dalmatia

Lisa
    $1600 26
Peter Frampton

Lisa
    $2,000 17
Thermopylae

Lisa
    $1600 13
a Neanderthal

Peter
    $1600 21
(Peter: What is the oak?)
(Matt: What is Dutch elm?)

the American elm

PeterMattLisa
    $2000 9
Trieste

Peter
    $2000 25
The Runaways

Lisa
    $2000 18
Catherine de Medici

Peter
    $2000 14
animism

Lisa
    $2000 22
(Peter: What is a saguaro?)

Palo Verde

Peter
Triple Stumper

Scores at the end of the Double Jeopardy! Round:

Peter Matt Lisa
$17,200 $1,200 $21,600

[wagering suggestions for these scores]

Final Jeopardy! Round responses

SPORTS & POLITICS
MattWho is —?
$1,100
PeterWho is Mohandas 'Mahatma' Gandhi
$14,899
LisaWho was Gandhi?
$12,801
Mohandas 'Mahatma' Gandhi

Final scores:

Peter Matt Lisa
$32,099 $100 $34,401
2nd place: $2,000 3rd place: $1,000 New champion: $34,401

Game dynamics:

Coryat scores:

Peter Matt Lisa
$13,400 $1,200 $22,200
21 R
(including 1 DD),
3 W
8 R,
2 W
24 R
(including 1 DD),
3 W
(including 1 DD)

Combined Coryat: $36,800

[game clues] [game scores] [suggest correction]

Game tape date: Unknown
The J! Archive is created by fans, for fans. Scraping, republication, monetization, and malicious use prohibited; this site may use cookies and collect identifying information. See terms. The Jeopardy! game show and all elements thereof, including but not limited to copyright and trademark thereto, are the property of Jeopardy Productions, Inc. and are protected under law. This website is not affiliated with, sponsored by, or operated by Jeopardy Productions, Inc. Join the discussion at JBoard.tv.